00558 2200217 4500001002100000005001700021008004100038035002400079082001100103090001800114100001000132245004900142250001000191260003600201300001900237650003500256850001500291980001300306985000600319999001500325YOGYA-0209000006042220090227035759.0 ind  0010-020900000060422 a899.23 a899.23bHam T aHAMKA aTenggelamnya kapak van der Wijckcoleh Hamka aCet.2 a[s.l]bCentrals Courantc[s.a.] a151 hlmc23 cm aKesasteraan Indonesia - Cerita aYOPDYOG(B) a05-08-08 a1 aa000001787